| 000 | 00471nam a2200169Ia 4500 | ||
|---|---|---|---|
| 003 | GCL | ||
| 008 | 140319s9999 xx 000 0 ara d | ||
| 040 |
_aGCL / _cGCL |
||
| 082 | 0 | 4 |
_a301.2 _bح ع |
| 100 | 1 | _aحسن الساعاتى | |
| 245 | 1 | 0 |
_aعلم الاجتماع الخلدونى: قواعد المنهج / _cحسن الساعاتى |
| 300 | _a204 ص | ||
| 490 | _a | ||
| 650 | 0 | 4 | _aابن خلدون |
| 650 | 0 | 4 | _aالاجتماع، علم |
| 942 |
_2ddc _cBK |
||
| 999 |
_c37592 _d37592 |
||